[Event "Kostroma Volga Cup op"]
[Site "Kostroma"]
[Date "2010.07.??"]
[Round "5"]
[White "Kochetkov, Victor N"]
[Black "Kozyrev, Sergey"]
[Result "0-1"]
[WhiteElo "2029"]
[BlackElo "2197"]
[PlyCount "94"]
[EventDate "2010.07.??"]
[EventType "swiss"]
[EventRounds "9"]
[EventCountry "RUS"]
[SourceTitle "EXT 2011"]
[Source "ChessBase"]
[SourceDate "2010.11.26"]
[SourceVersion "1"]
[SourceVersionDate "2010.11.26"]
[SourceQuality "1"]

1. Nc3 d5 2. d4 Nf6 3. f3 Bf5 4. Bg5 Nbd7 5. Qd2 e6 6. e4 dxe4 7. fxe4 Bxe4 8. Qe2 Bb4 9. 0-0-0 Bxc3 10. bxc3 Qe7 11. Kb2 Qd6 12. Nf3 Qb6+ 13. Ka1 Qa5 14. Qd2 Nd5 15. Kb2 b5 16. c4 Qxd2 17. Nxd2 N5f6 18. cxb5 Bb7 19. Rg1 0-0 20. c4 c6 21. a4 a6 22. bxc6 Bxc6 23. a5 Rfb8+ 24. Kc3 Rc8 25. Rb1 e5 26. Bd3 exd4+ 27. Kxd4 Rd8 28. Rb3 Rac8 29. g3 Nc5+ 30. Kxc5 Ba4+ 31. Kb4 Bxb3 32. Nxb3 Rxd3 33. Bf4 Nd7 34. c5 g5 35. Bd6 Nb8 36. Rf1 Nd7 37. h4 h6 38. hxg5 hxg5 39. g4 f6 40. Re1 Nb8 41. Re6 Kf7 42. Re7+ Kg6 43. Re6 Nc6+ 44. Kc4 Rxb3 45. Kd5 Rd3+ 46. Kc4 Rd4+ 47. Kc3 Rxg4 0-1

[Event "Kostroma Volga Cup op"]
[Site "Kostroma"]
[Date "2010.07.??"]
[Round "6"]
[White "Kozyrev, Sergey"]
[Black "Saulin, Dmitri"]
[Result "1/2-1/2"]
[WhiteElo "2197"]
[BlackElo "2431"]
[PlyCount "69"]
[EventDate "2010.07.??"]
[EventType "swiss"]
[EventRounds "9"]
[EventCountry "RUS"]
[SourceTitle "EXT 2011"]
[Source "ChessBase"]
[SourceDate "2010.11.26"]
[SourceVersion "1"]
[SourceVersionDate "2010.11.26"]
[SourceQuality "1"]

1. Nf3 Nf6 2. c4 e6 3. e3 b6 4. b3 Bb7 5. Bb2 d5 6. Be2 Nbd7 7. 0-0 Bd6 8. Nc3 0-0 9. Rc1 a6 10. Qc2 Qe7 11. Rfd1 dxc4 12. bxc4 e5 13. e4 Nc5 14. d3 c6 15. Rd2 Ne6 16. Nd1 Nd7 17. Ne3 g6 18. Rcd1 Rad8 19. d4 exd4 20. Nxd4 Nxd4 21. Rxd4 Bc5 22. R4d3 f6 23. Ng4 Bc8 24. Rf3 Rde8 25. Rxd7 Bxd7 26. Bxf6 Bxg4 27. Bxe7 Bxf3 28. Bxf8 Bxe4 29. Qc3 Rxf8 30. Bf3 Bxf3 31. gxf3 Rd8 32. Qe5 Rd2 33. Qb8+ Kg7 34. Qc7+ Kg8 35. Qb8+ 1/2-1/2

[Event "Kostroma Volga Cup op"]
[Site "Kostroma"]
[Date "2010.07.??"]
[Round "7"]
[White "Pozin, Sergey"]
[Black "Kozyrev, Sergey"]
[Result "1-0"]
[WhiteElo "2414"]
[BlackElo "2197"]
[PlyCount "91"]
[EventDate "2010.07.??"]
[EventType "swiss"]
[EventRounds "9"]
[EventCountry "RUS"]
[SourceTitle "EXT 2011"]
[Source "ChessBase"]
[SourceDate "2010.11.26"]
[SourceVersion "1"]
[SourceVersionDate "2010.11.26"]
[SourceQuality "1"]

1. e4 c6 2. d4 d5 3. exd5 cxd5 4. Bd3 Nc6 5. c3 Nf6 6. h3 g6 7. Nf3 Bg7 8. 0-0 Bf5 9. Bxf5 gxf5 10. Re1 0-0 11. Nbd2 e6 12. Nb3 b6 13. Bg5 Qc7 14. Bxf6 Bxf6 15. Qd2 Kh8 16. Qh6 Bg7 17. Qh5 Bf6 18. Qh6 Bg7 19. Qh4 Qe7 20. Qxe7 Nxe7 21. Nc1 Nc8 22. Nd3 Nd6 23. Nfe5 Rac8 24. a4 a5 25. Ra3 Rc7 26. Rb3 Nc8 27. g3 Kg8 28. Kg2 Bh6 29. Kf1 f6 30. Nf3 Kf7 31. Rb5 Bg7 32. g4 fxg4 33. hxg4 Rc6 34. g5 Kg8 35. gxf6 Rxf6 36. Nfe5 Rd6 37. Rc1 Rf8 38. Ke2 Rfd8 39. Rg1 Rf8 40. Rg4 Rf5 41. Nc5 bxc5 42. Rb7 Kf8 43. Rgxg7 cxd4 44. cxd4 Ke8 45. Rxh7 Rf8 46. Nd7 1-0

[Event "Kostroma Volga Cup op"]
[Site "Kostroma"]
[Date "2010.07.??"]
[Round "3"]
[White "Shmarina, Daria"]
[Black "Kozyrev, Sergey"]
[Result "0-1"]
[WhiteElo "1865"]
[BlackElo "2197"]
[PlyCount "100"]
[EventDate "2010.07.??"]
[EventType "swiss"]
[EventRounds "9"]
[EventCountry "RUS"]
[SourceTitle "EXT 2011"]
[Source "ChessBase"]
[SourceDate "2010.11.26"]
[SourceVersion "1"]
[SourceVersionDate "2010.11.26"]
[SourceQuality "1"]

1. e4 c6 2. d4 d5 3. exd5 cxd5 4. c4 Nf6 5. Nc3 e6 6. Nf3 Be7 7. c5 b6 8. b4 a5 9. Qa4+ Bd7 10. Bb5 0-0 11. Ne5 Bxb5 12. Nxb5 Na6 13. Nc6 Qe8 14. Nxe7+ Qxe7 15. Bf4 e5 16. Bxe5 axb4 17. 0-0 Nc7 18. Qxb4 bxc5 19. Bxf6 Qxf6 20. Qxc5 Nxb5 21. Qxb5 Qxd4 22. Rfd1 Rxa2 23. Rxd4 Rxa1+ 24. Qf1 Rxf1+ 25. Kxf1 Rd8 26. Ke2 f6 27. Kd3 Kf7 28. Ra4 Rd7 29. Kd4 h5 30. Ra6 g5 31. Rb6 h4 32. g3 Ke7 33. gxh4 gxh4 34. Rb3 Ke6 35. Rh3 Rh7 36. Kc5 Rc7+ 37. Kd4 Rc4+ 38. Kd3 Re4 39. Kd2 Ke5 40. Rf3 Rf4 41. Re3+ Kf5 42. f3 Ra4 43. Rb3 d4 44. Ke1 Ke5 45. Kf2 Ra2+ 46. Kg1 Re2 47. Rb1 h3 48. Ra1 d3 49. Ra5+ Kf4 50. Rd5 d2 0-1

[Event "Kostroma Volga Cup op"]
[Site "Kostroma"]
[Date "2009.07.??"]
[Round "3"]
[White "Zabotin, Alexander"]
[Black "Kozyrev, Sergey"]
[Result "1/2-1/2"]
[WhiteElo "2510"]
[BlackElo "2175"]
[PlyCount "52"]
[EventDate "2009.07.03"]
[EventType "swiss"]
[EventRounds "9"]
[EventCountry "RUS"]
[SourceTitle "EXT 2021"]
[Source "ChessBase"]
[SourceDate "2020.10.23"]
[SourceVersion "1"]
[SourceVersionDate "2020.10.23"]
[SourceQuality "1"]

1. d4 d5 2. c4 c6 3. Nc3 Nf6 4. e3 e6 5. Nf3 Be7 6. Bd3 b6 7. 0-0 Bb7 8. e4 dxe4 9. Nxe4 Nbd7 10. Nc3 c5 11. d5 exd5 12. cxd5 0-0 13. Re1 Re8 14. Bg5 a6 15. d6 Bxd6 16. Rxe8+ Qxe8 17. Bxf6 Nxf6 18. Bxh7+ Nxh7 19. Qxd6 Bxf3 20. gxf3 Ng5 21. Qg3 Ne6 22. Ne4 Qc6 23. Nf6+ Kf8 24. Nh7+ Kg8 25. Nf6+ Kf8 26. Nh7+ Kg8 1/2-1/2